| 000 | 00736nam a2200265 a 4500 | ||
|---|---|---|---|
| 001 | BS0002751 | ||
| 003 | BR-BrBNA | ||
| 005 | 20230418192122.0 | ||
| 008 | 230308b |||||||| |||| 00| 0 por d | ||
| 040 |
_aBR-BrBNA _bpor _cBiblioteca Nacional de Agricultura |
||
| 041 | _apor | ||
| 072 | _aB59 | ||
| 090 | _aB59 BS0002751 | ||
| 100 | 1 | _aSérgio, Luiz (Espírito) | |
| 245 | 1 | _aIntercâmbio / | |
| 250 | 1 | _a11. ed. | |
| 260 | 3 |
_aBrasília, DF: _bLivraria e Editora Recanto, _c1995. |
|
| 300 | _a132 p. | ||
| 500 | _aPsicografado por Alayde de Assunção e Silva e Lúcia Maria Secron Pinto. | ||
| 650 | _aESPIRITISMO | ||
| 650 | _aDOUTRINA | ||
| 650 | _aRELIGIÃO | ||
| 909 |
_a202304 _bSergio Santos _c56 _dSergio Santos |
||
| 942 | _cBK | ||
| 999 |
_c7809 _d7809 |
||